Purchasing for the hospitality industry (Record no. 207913)

MARC details
000 -LEADER
fixed length control field 00460nam a2200169Ia 4500
008 - FIXED-LENGTH DATA ELEMENTS--GENERAL INFORMATION
fixed length control field 231221s9999 xx 000 0 und d
041 ## - LANGUAGE CODE
Language code of text/sound track or separate title English
082 ## - DEWEY DECIMAL CLASSIFICATION NUMBER
Classification number 647 KIR;1 R
100 ## - MAIN ENTRY--PERSONAL NAME
Personal name Kivela, Jaksa Jack
245 #0 - TITLE STATEMENT
Title Purchasing for the hospitality industry
260 ## - PUBLICATION, DISTRIBUTION, ETC.
Date of publication, distribution, etc. 1989
Name of publisher, distributor, etc. Edward Arnold Publ.
Place of publication, distribution, etc. Melbourne
300 ## - PHYSICAL DESCRIPTION
Extent x+246
500 ## - GENERAL NOTE
General note E.-509
650 ## - SUBJECT ADDED ENTRY--TOPICAL TERM
Topical term or geographic name entry element Hotel management-Purchasing
650 ## - SUBJECT ADDED ENTRY--TOPICAL TERM
Topical term or geographic name entry element Hotel management-Purchasing
942 ## - ADDED ENTRY ELEMENTS (KOHA)
Koha item type Hotel Management Library
Holdings
Date last seen Total checkouts Full call number Accession number Cost, total (INR) price Price effective from Category Lost status Damaged status Department Withdrawn status Home library Current library Shelving location Entry date Vendor Cost, normal purchase price Grants Billnumber Billdate Currency symbol Conversion rate Discount Old discount
26/01/2024   647 KIR;1 R HM506 892.50 26/01/2024 Hotel Management Library     HEM   Central Library Central Library HM   Info Book Distributors 1050.00 HM 678 21/06/2010 RS 1 157.5 15

© For any Suggestions or Query, please contact the library staff @ librarian@pes.edu or Phone: +9180 2672 1983/ 2108.